<?xml version="1.0" encoding="UTF-8"?>
<record
    xmlns:xsi="http://www.w3.org/2001/XMLSchema-instance"
    xsi:schemaLocation="http://www.loc.gov/MARC21/slim http://www.loc.gov/standards/marcxml/schema/MARC21slim.xsd"
    xmlns="http://www.loc.gov/MARC21/slim">

  <leader>01410    a2200229   4500</leader>
  <controlfield tag="001">4207</controlfield>
  <controlfield tag="005">20260407155432.0</controlfield>
  <controlfield tag="008">260407a2011    arg                 spa d</controlfield>
  <controlfield tag="003">AR-UNSa-BCEJYS</controlfield>
  <datafield tag="040" ind1=" " ind2=" ">
    <subfield code="a">AR-UNSa-BCEJYS</subfield>
    <subfield code="b">spa</subfield>
    <subfield code="c">AR-UNSa-BCEJYS</subfield>
  </datafield>
  <datafield tag="080" ind1=" " ind2=" ">
    <subfield code="a">347</subfield>
    <subfield code="x">Derecho Civil</subfield>
  </datafield>
  <datafield tag="245" ind1="1" ind2="0">
    <subfield code="a">Derecho civil</subfield>
    <subfield code="p">parte general</subfield>
  </datafield>
  <datafield tag="020" ind1=" " ind2=" ">
    <subfield code="a">978-950-534-972-2</subfield>
  </datafield>
  <datafield tag="250" ind1=" " ind2=" ">
    <subfield code="a">4a. ed.</subfield>
  </datafield>
  <datafield tag="264" ind1=" " ind2="1">
    <subfield code="a">Buenos Aires :</subfield>
    <subfield code="b">A-Z Editora</subfield>
    <subfield code="c">2011</subfield>
  </datafield>
  <datafield tag="300" ind1=" " ind2=" ">
    <subfield code="a">vii, 163 p.</subfield>
    <subfield code="c">22 cm.</subfield>
  </datafield>
  <datafield tag="505" ind1=" " ind2=" ">
    <subfield code="a">1. Introducci&#xF3;n y nociones generales - 2. Fuentes del derecho civil - 3. El C&#xF3;digo Civil Argentino - 4. La interpretaci&#xF3;n de la ley - 5. Efectos de la ley con relaci&#xF3;n al territorio - 6. Efectos de la ley con relaci&#xF3;n al tiempo - 7. Los elementos de las relaciones jur&#xED;dicas - 8. La persona - 9. Derechos y atributos de la personalidad - 10. El nombre - 11. El Estado - 12. Domicilio - 13. Capacidad - 14. Fin de la existencia de las personas f&#xED;sicas - 15. Personas jur&#xED;dicas - 16. Patrimonio - 17. Bienes y cosas - 18. Hechos y actos jur&#xED;dicos - 19. Forma de los actos jur&#xED;dicos - 20. Vicios de los actos jur&#xED;dicos - 21. Nulidad de los actos jur&#xED;dicos - 22. Extinci&#xF3;n de las relaciones jur&#xED;dicas </subfield>
  </datafield>
  <datafield tag="942" ind1=" " ind2=" ">
    <subfield code="c">BK</subfield>
  </datafield>
  <datafield tag="590" ind1=" " ind2=" ">
    <subfield code="a">niveau_biblio:m niveau_hierar:0</subfield>
  </datafield>
  <datafield tag="100" ind1="1" ind2=" ">
    <subfield code="a">Roitbarg, Marcelo R.</subfield>
  </datafield>
  <datafield tag="856" ind1="4" ind2="1">
    <subfield code="u">https://biblioeco.unsa.edu.ar/pmb/images/libros/Derecho Civil-l118365 (2).jpg</subfield>
    <subfield code="y">Imagen de portada</subfield>
    <subfield code="q">image/jpeg</subfield>
  </datafield>
  <datafield tag="999" ind1=" " ind2=" ">
    <subfield code="c">400</subfield>
    <subfield code="d">400</subfield>
  </datafield>
  <datafield tag="952" ind1=" " ind2=" ">
    <subfield code="0">0</subfield>
    <subfield code="1">0</subfield>
    <subfield code="4">0</subfield>
    <subfield code="7">0</subfield>
    <subfield code="a">BCEJYS</subfield>
    <subfield code="b">BCEJYS</subfield>
    <subfield code="c">16</subfield>
    <subfield code="d">2026-04-07</subfield>
    <subfield code="l">0</subfield>
    <subfield code="o">347 R741 4ed.</subfield>
    <subfield code="p">L118365</subfield>
    <subfield code="r">2026-04-07 15:54:32</subfield>
    <subfield code="w">2026-04-07</subfield>
    <subfield code="y">L</subfield>
  </datafield>
</record>
